000 00498nmm a2200157Ia 4500
008 251105s9999||||xx |||||||||||||||||und||
020 _a9781612360621
041 _aspa
100 _aStone, Lynn
245 0 _a¿Cómo usan los animales... sus aletas? = How do animals use... their flippers?
264 _a[Madrid, España] :
_bRourke Educational Media,
_c2008
300 _a24 páginas
650 _aAges 6-8 Years Old
856 _uhttps://public.digitaliapublishing.com/a/24559
942 _cCF
999 _c75031
_d75031